Herba ubatan Negeri Terengganu : Edisi II
| Format: | Book |
|---|---|
| Published: |
Terengganu :
Jabatan Perhutanan Negeri Terengganu ,
2011
|
| Subjects: |
MARC
| LEADER | 00000cam a2200000 7i4500 | ||
|---|---|---|---|
| 001 | 0000004171 | ||
| 005 | 20181228.0 | ||
| 090 | 0 | 0 | |a 615.321 |b TER 2011 |
| 245 | 1 | 0 | |a Herba ubatan Negeri Terengganu : Edisi II |
| 260 | 0 | 0 | |a Terengganu : |b Jabatan Perhutanan Negeri Terengganu , |c 2011 |
| 300 | |a i, 217 p. : |b ili. col. ; |c 23cm. | ||
| 650 | 0 | 0 | |a Herbs---Terengganu |
| 999 | |a 008013 |b Monograph |c Open Shelf |e Default branch | ||
| 999 | |a 008019 |b Monograph |c Open Shelf |e Default branch | ||